Ουφίτσι, Φλωρεντία

Αποθηκεύτηκε σε:
Λεπτομέρειες βιβλιογραφικής εγγραφής
Άλλοι συγγραφείς: Dalli Regoli, Gigetta
Μορφή: Βιβλίο
Γλώσσα:Greek
Italian
Δημοσίευση: Αθήναι : Mondadori-Φυτράκης, c1969.
Σειρά:Τα μεγάλα μουσεία του κόσμου
Θέματα:
Ετικέτες: Προσθήκη ετικέτας
Δεν υπάρχουν, Καταχωρήστε ετικέτα πρώτοι!

MARC

LEADER 00000cam a2200000 i 4500
001 1/37608
008 960927s1969 gr | ||| |||| ||gre||
035 |l 10024707 
040 |a GR-MyUa  |b gre  |e AACR2 
041 1 |a gre  |h ita 
082 0 |a 708   |2 (22)  
082 7 |a 708.551   |2 (23)  
082 7 |a 708.45   |2 (23) 
245 0 0 |a Ουφίτσι, Φλωρεντία /   |c [κείμενα των Gigetta Dalli Regoli ... [κ. ά.] ; μετάφραση Γιάννη Θωμόπουλου ; επιμέλεια Γιώργου Γεραλή].  
260 |a Αθήναι :   |b Mondadori-Φυτράκης,   |c c1969.  
300 |a 207 σ. :   |b εικ. ;   |c 29 εκ.  
490 1 |a (Τα μεγάλα μουσεία του κόσμου) 
504 |a Βιβλιογραφία: σ. [168]. Ευρετήριο.  
610 2 0 |a Galleria degli Uffizi. 
700 1 |a Dalli Regoli, Gigetta. 
830 0 |a Τα μεγάλα μουσεία του κόσμου 
852 |a INST  |b CHIOS  |e 19960927  |h 708 ΟΥΦ  |p 005200011554  |q 005200011554  |t BK  |y 0 
852 |a INST  |b RHODES  |e 20191118  |h 708.45 ΟΥΦ  |p 005400041288  |q 005400041288  |t BK  |y 0 
852 |a INST  |b SYROS  |e 20171019  |h 708.551 ΟΥΦ  |p 005500013200  |q 005500013200  |t BK  |y 0 
970 |z 10-10-2017